Normal view
MARC view
- W.F. Chen, E.M. Lui
Entry Personal Name
001 - CONTROL NUMBER
- control field: 134352
003 - CONTROL NUMBER IDENTIFIER
- control field: NUST
005 - DATE AND TIME OF LATEST TRANSACTION
- control field: 20260506161248.0
008 - FIXED-LENGTH DATA ELEMENTS
- fixed length control field: 260506|| aca||aabn | a|a d
040 ## - CATALOGING SOURCE
- Original cataloging agency: NUST
- Transcribing agency: NUST
100 ## - HEADING--PERSONAL NAME
- Personal name: W.F. Chen, E.M. Lui
670 ## - SOURCE DATA FOUND
- Source citation: Work cat.: (NUST): W.F. Chen, E.M. Lui., Earthquake Engineering for Structural Design /, 2006.
